Sports Quiz

Random Sports or Football Quiz
Score 0/109 Timer 20:00
0 Plays Today
Club and Season Player Name % Correct
Newcastle 2019/20Joelinton
86.2%
Sunderland 2011/12John O'Shea
78.8%
Sunderland 2011/12Wes Brown
74.2%
Hull 2014/15Andrew Robertson
69.7%
Newcastle 2019/20Andy Carroll
66.7%
Newcastle 2019/20Allan Saint-Maximin
60.7%
Hull 2013/14Tom Huddlestone
60.6%
Sunderland 2011/12Sebastian Larsson
57.6%
Hull 2014/15Michael Dawson
57.6%
Birmingham 2003/04Martin Taylor
56.1%
Birmingham 2003/04Maik Taylor
56.1%
Birmingham 2004/05Emile Heskey
56.1%
Newcastle 2019/20Emil Krafth
55.6%
Sunderland 2009/10Darren Bent
54.5%
Hull 2014/15Jake Livermore
54.5%
Hull 2014/15Abel Hernandez
54.5%
Wigan 2008/09Charles N'Zogbia
53%
Hull 2014/15Harry Maguire
53%
Wigan 2008/09Lee Cattermole
48.5%
Sunderland 2009/10Lee Cattermole
48.5%
Birmingham 2003/04Luciano Figueroa
47%
Wigan 2008/09Maynor Figueroa
47%
Hull 2013/14Maynor Figueroa
47%
Birmingham 2005/06DJ Campbell
45.5%
Sunderland 2009/10Fraizer Campbell
45.5%
Birmingham 2002/03Robbie Savage
43.9%
Sunderland 2011/12Ahmed Elmohamady
43.9%
Hull 2014/15Robert Snodgrass
43.9%
Birmingham 2003/04Christophe Dugarry
42.4%
Birmingham 2003/04David Dunn
42.4%
Birmingham 2005/06Mikael Forssell
42.4%
Wigan 2007/08Antonio Valencia
42.4%
Hull 2013/14Nikica Jelavic
42.4%
Hull 2014/15Mohamed Diame
40.9%
Wigan 2007/08Wilson Palacios
39.4%
Sunderland 2010/11Asamoah Gyan
39.4%
Sunderland 2011/12Craig Gardner
37.9%
Club and Season Player Name % Correct
Birmingham 2004/05Alex Bruce
36.4%
Sunderland 2011/12Ji Dong-Won
36.4%
Birmingham 2002/03Aliou Cisse
34.8%
Hull 2013/14Shane Long
34.8%
Birmingham 2004/05Mario Melchiot
33.3%
Hull 2013/14Allan McGregor
33.3%
Sunderland 2010/11Titus Bramble
31.8%
Sunderland 2010/11Stephane Sessegnon
28.8%
Birmingham 2002/03Clinton Morrison
27.3%
Wigan 2007/08Marlon King
27.3%
Sunderland 2011/12Connor Wickham
27.3%
Sunderland 2011/12David Vaughan
27.3%
Birmingham 2002/03Matthew Upson
25.8%
Sunderland 2010/11Simon Mignolet
25.8%
Newcastle 2019/20Jake Turner
25%
Birmingham 2004/05Julian Gray
24.2%
Birmingham 2004/05Muzzy Izzet
24.2%
Birmingham 2005/06Walter Pandiani
24.2%
Birmingham 2002/03Kenny Cunningham
22.7%
Birmingham 2007/08Liam Ridgewell
22.7%
Wigan 2008/09Hugo Rodallega
22.7%
Sunderland 2009/10Michael Turner
22.7%
Birmingham 2002/03Tom Williams
21.2%
Birmingham 2002/03Stephen Clemence
21.2%
Birmingham 2007/08Garry O'Connor
21.2%
Birmingham 2004/05Darren Anderton
19.7%
Sunderland 2009/10Lorik Cana
19.7%
Sunderland 2011/12James McClean
19.7%
Hull 2013/14George Boyd
19.7%
Birmingham 2002/03Jamie Clapham
18.2%
Birmingham 2004/05Jesper Gronkjaer
18.2%
Wigan 2008/09Ben Watson
18.2%
Sunderland 2011/12Keiren Westwood
18.2%
Birmingham 2007/08Olivier Kapo
16.7%
Wigan 2008/09Olivier Kapo
16.7%
Sunderland 2009/10Boudewijn Zenden
16.7%
Hull 2013/14Steve Harper
16.7%
Club and Season Player Name % Correct
Birmingham 2005/06Chris Sutton
15.2%
Sunderland 2009/10Paulo Da Silva
15.2%
Sunderland 2010/11Cristian Riveros
15.2%
Birmingham 2004/05Dwight Yorke
13.6%
Birmingham 2007/08Fabrice Muamba
13.6%
Birmingham 2007/08Franck Queudrue
13.6%
Hull 2014/15Tom Ince
13.6%
Birmingham 2004/05Robbie Blake
12.1%
Birmingham 2007/08Daniel De Ridder
12.1%
Wigan 2008/09Daniel De Ridder
12.1%
Hull 2013/14Yannick Sagbo
12.1%
Hull 2014/15Dame N'Doye
12.1%
Birmingham 2002/03Darryl Powell
10.6%
Birmingham 2004/05Njazi Kuqi
10.6%
Birmingham 2007/08Stuart Parnaby
10.6%
Wigan 2008/09Cho Won-Hee
9.1%
Sunderland 2009/10Matthew Kilgallon
9.1%
Sunderland 2010/11Marcos Angeleri
9.1%
Birmingham 2005/06Mehdi Nafti
7.6%
Hull 2014/15Brian Lenihan
7.6%
Newcastle 2019/20Kyle Scott
7.1%
Birmingham 2002/03Jovan Kirovski
6.1%
Birmingham 2007/08Richard Kingson
6.1%
Wigan 2008/09Richard Kingson
6.1%
Hull 2013/14Conor Henderson
6.1%
Birmingham 2002/03Andy Marriott
4.5%
Birmingham 2005/06Ingi Hojsted
4.5%
Wigan 2007/08Erik Edman
4.5%
Sunderland 2010/11Billy Knott
4.5%
Hull 2014/15Greg Luer
4.5%
Birmingham 2003/04Neil Kilkenny
3%
Sunderland 2011/12Roarie Deacon
3%
Hull 2013/14Calaum Jahraldo-Martin
3%
Birmingham 2004/05Sam Oji
1.5%
Sunderland 2009/10Oumare Tounkara
1.5%

You're not logged in!

Compare scores with friends on all Sporcle quizzes.
OR
Log In

Sporcle TV

Today on Sporcle TV


Watch our educational content, quiz creation guides, and fun videos on Sporcle TV.

Show Comments

Extras

Top Quizzes Today


Score Distribution

Paid Content

Your Account Isn't Verified!

In order to create a playlist on Sporcle, you need to verify the email address you used during registration. Go to your Sporcle Settings to finish the process.

Report this User

Report this user for behavior that violates our Community Guidelines.

Details: